000 00944nam a2200265Ia 4500
003 OSt
005 20221005111711.0
006 a|||||r|||| 00| 0
007 ta
008 221004b |||||||| |||| 00| 0 hin d
020 _a9789380441191 (hbk)
_cIndian Rupees 150
024 _a33712
037 _bGift, 25/09/2017,
_cTextual
040 _aCRL
_cCRL
_bhin
041 _2hin
_ahin
082 _aO152,1N45x, Q3
100 _aआचार्य, नन्दकिशोर, ले.
245 0 _aछीलते हुए अपने को
246 _aChhīlate hue apane ko
260 _aबीकानेर
_bवाग्देवी प्रकाशन भारत
_c2013
300 _a112पृ0
_ccm.
650 _aहिन्दी कविता
942 _hO152,1N45x, Q3
_cTEXL
_2cc
999 _c1022631
_d1022631